2025 NFL Defensive Starters Colleges - Statistics

General Stats
  • This quiz has been taken 169 times
    163 since last reset
  • The average score is 263 of 352
Answer Stats
Player College % Correct
Cam Heyward | Chase Young | DaVon Hamilton | +12 others Ohio St
98%
A'Shawn Robinson | Brian Branch | Christian Barmore | +18 others Alabama
97%
Devonte Wyatt | Eric Stokes | Jalen Carter | +11 others Georgia
96%
Aidan Hutchinson | DJ Turner | Devin Bush | +6 others Michigan
96%
Andrew Mukuba | Brandon Jones | Byron Murphy II | +6 others Texas
96%
Alex Anzalone | CJ Gardner-Johnson | Dante Fowler | +4 others Florida
94%
Arden Key | Cor'Dale Flott | Danielle Hunter | +9 others LSU
94%
Cam Bynum | Cameron Jordan | Craig Woodson | Jaylinn Hawkins Cal
93%
Braden Fiske | Brian Burns | Derwin James | +6 others Florida St
90%
Arnold Ebiketie | Chop Robinson | DaQuan Jones | +5 others Penn St
90%
Bobby Brown II | Donovan Wilson | Edgerrin Cooper | +4 others Texas A&M
90%
AJ Terrell | Bryan Bresee | DJ Reader | +4 others Clemson
88%
Arik Armstead | Christian Gonzalez | DeForest Buckner | +6 others Oregon
88%
Andrew Van Ginkel | Jack Sanborn | Keeanu Benton | +3 others Wisconsin
88%
Amani Hooker | Cooper DeJean | Geno Stone | +2 others Iowa
87%
Carson Schwesinger | Darius Muasau | Kenny Clark | +3 others UCLA
86%
Calais Campbell | Denzel Perryman | Greg Rousseau | +4 others Miami
85%
Cam Hart | Drue Tranquill | Harrison Smith | +3 others Notre Dame
84%
Budda Baker | Byron Murphy Jr | Elijah Molden | +5 others Washington
84%
Nate Landman | Travis Hunter Colorado
82%
Jalen Redmond | Jonah Laulu | Kenneth Murray | Nik Bonito Oklahoma
82%
DJ Wonnum | Demetrius Knight | Ernest Jones IV | +4 others South Carolina
82%
Joe Bachie Michigan St
81%
Adoree Jackson | Calen Bullock | Isaiah Polo-Mao | +3 others USC
81%
Antoine Winfield Jr | Boye Mafe | Eric Murray | Tyler Nubin Minnesota
79%
Broderick Washington | Jordyn Brooks Texas Tech
79%
Bryan Cook | Eric Wilson | Ivan Pace Jr | Sauce Gardner Cincinnati
78%
Alontae Taylor | Byron Young | Omarr Norman-Lott Tennessee
78%
Carrington Valentine | Josh Hines-Allen | Trevin Wallace Kentucky
77%
Devon Witherspoon | Kerby Joseph | Quan Martin | Tony Adams Illinois
76%
Darien Porter | Will McDonald IV Iowa St
75%
Chris Jones | Darius Slay | Emmanuel Forbes Jr | +2 others Mississippi St
74%
BJ Hill | Bradley Chubb | Germaine Pratt | Payton Wilson NC State
73%
Cody Barton | Cole Bishop | Devin Lloyd | Jaylon Johnson Utah
72%
Carlton Davis III | Colby Wooden | Derrick Brown | +2 others Auburn
71%
Derrick Barnes | George Karlaftis Purdue
71%
Daiyan Henley | Fankie Luvu | Jaden Hicks | +2 others Washington St
70%
Fred Warner | Khyiris Tonga | Kyle Van Noy BYU
69%
Jonas Sanker Virginia
69%
Cam Taylor Britt | Lavonte David | Luke Gifford | Maliek Collins Nebraska
67%
Benito Jones | DJ Jones | Sam Williams | Tre Amos Ole Miss
67%
Dorance Armstrong Kansas
66%
Ed Oliver | Elandon Roberts Houston
65%
Marcelino McCray-Ball Indiana
64%
Jaire Alexander | Jarvis Brownlee Jr | Sheldon Rankins | +2 others Louisville
64%
Dre Greenlaw | Kam Curl Arkansas
63%
Jalen Pitre | Terrel Bernard | Xavien Howard Baylor
63%
DJ Reed | Marques Sigle Kansas St
63%
Bobby Okereke | Harrison Phillips | Justin Reid | Paulson Adebo Stanford
63%
Divine Deablo | Tremaine Edmunds Virginia Tech
62%
Jack Jones Arizona St
61%
Harold Landry III | Isaiah McDuffie | Matt Milano | +2 others Boston College
61%
Cedric Gray North Carolina
61%
Khalil Mack | Malcom Koonce Buffalo
60%
Darius Robinson | Isaiah McGuire | Jordan Elliott | Nick Bolton Missouri
60%
Patrick Jones II | SirVocea Dennis Pitt
60%
Max Melton | Sebastian Joseph-Day Rutgers
59%
Maxx Crosby Eastern Michigan
57%
Greg Newsome II Northwestern
57%
Dee Winters | Tre'von Moehrig TCU
56%
Roy Robertson-Harris | Tyrice Knight UTEP
56%
DeMarcus Lawrence Boise St
55%
Bobby Wagner Utah St
55%
Adam Butler | Dayo Odeyingbo | Oren Burks Vanderbilt
55%
Nick Cross Maryland
54%
Andre Cisco | Ifeatu Melifonwu | Zaire Franklin Syracuse
54%
Kaila Davis | Mike Hughes UCF
54%
Andrew Wingard | Carl Granderson | Logan Wilson Wyoming
52%
Brandon Stephens | Elijah Roberts SMU
49%
Marcus Davenport | Tariq Woolan UTSA
49%
Jessie Bates III | Kobie Turner | Malik Mustapha Wake Forest
49%
Dorian Williams Tulane
44%
Azeez Al-Shaair | Trey Hendrickson FAU
41%
DaRon Bland Fresno St
41%
Zaven Collins Tulsa
40%
Teair Tart FIU
38%
Haason Reddick Temple
38%
Travis Jones Uconn
38%
Robert Spillane Western Michigan
38%
Christian Ellis | Kaden Elliss Idaho
34%
Christian Rozeboom South Dakota St
34%
Charvarius Ward | Kevin Byard III | Reed Blankenship Middle Tennessee
33%
L'Jarius Sneed | Milton Williams | Xavier Woods Louisiana Tech
32%
Demario Davis Arkansas St
30%
Alex Highsmith Charlotte
29%
Foyesade Oluokun Yale
26%
Rakeem Nunez-Roches Southern Miss
23%
Akeem Davis-Gaither Appalachian St
21%
Alex Singleton Montana St
21%
Christian Benford Villanova
20%
Cobie Durant | Javon Hargrave South Carolina St
18%
Zyon McCollum Sam Houston St
12%
Jeremey Chinn Southern Illinois
12%
Zach Sieler Ferris St
10%
Quincy Williams Murray St
9%
Kenny Moore II Valdosta St
6%
David Onyemata Manitoba (Canada)
5%
John Franklin-Myers Stephen F. Austin
5%
Dennis Gardeck Sioux Falls
4%
Quinyon Mitchell Toldeo
4%
Isaiah Rodgers Umass Amherst
2%
Grover Stewart Albany St (GA)
1%
No matching quizzes found
Score Distribution
Percent of People with Each Score
Percentile by Number Answered
Your Score History
You have not taken this quiz since the last reset